[Event "Helsingor Xtracon op"]
[Site "Helsingor"]
[Date "2019.07.20"]
[Round "1"]
[White "Cramling, Pia"]
[Black "Smeby, Ole"]
[Result "1-0"]
[WhiteElo "2479"]
[BlackElo "1887"]
[PlyCount "59"]
[EventDate "2019.07.20"]
[EventType "swiss"]
[EventRounds "10"]
[EventCountry "DEN"]
[SourceTitle "CBM 191 Extra"]
[Source "ChessBase"]
[SourceDate "2019.09.30"]
[SourceVersion "1"]
[SourceVersionDate "2019.09.30"]
[SourceQuality "1"]

1. Nf3 d5 2. d4 c6 3. c4 e6 4. Qc2 Nf6 5. g3 Nbd7 6. Bg2 Bb4+ 7. Nbd2 Ne4 8. 0-0 Nxd2 9. Bxd2 Bxd2 10. Nxd2 Nf6 11. Rad1 0-0 12. e4 dxe4 13. Nxe4 g6 14. Rfe1 Nxe4 15. Rxe4 Qc7 16. Qd2 b6 17. Qh6 Bb7 18. Rde1 Rfe8 19. h4 Qd6 20. h5 Qf8 21. Qe3 Red8 22. Rh4 Rd7 23. c5 bxc5 24. dxc5 Rad8 25. hxg6 hxg6 26. Be4 Qg7 27. Kg2 Rd1 28. Qg5 R8d7 29. Rxd1 Rxd1 30. Qe7 1-0

[Event "Konnerud NGP A"]
[Site "Konnerud"]
[Date "2018.12.01"]
[Round "2"]
[White "Nilsen, Tobias Lang"]
[Black "Smeby, Ole"]
[Result "1/2-1/2"]
[WhiteElo "1978"]
[BlackElo "1990"]
[PlyCount "66"]
[EventDate "2018.12.01"]
[EventType "swiss"]
[EventRounds "5"]
[EventCountry "NOR"]
[SourceTitle "EXT 2024"]
[Source "ChessBase"]
[SourceDate "2023.10.10"]
[SourceVersion "1"]
[SourceVersionDate "2023.10.10"]
[SourceQuality "1"]

1. e4 d5 2. exd5 Qxd5 3. Nc3 Qa5 4. Bc4 Nf6 5. Nf3 Bg4 6. d3 e6 7. Bd2 c6 8. h3 Bh5 9. Ne4 Qc7 10. Qe2 Nxe4 11. dxe4 Nd7 12. Bc3 b5 13. Bb3 Nc5 14. a4 Nxb3 15. cxb3 b4 16. Bd4 Bxf3 17. Qxf3 e5 18. Be3 Be7 19. 0-0 0-0 20. Rac1 Rfd8 21. Rfd1 Rxd1+ 22. Rxd1 a5 23. Rd2 Rd8 24. Qd1 Kf8 25. Rxd8+ Qxd8 26. Qxd8+ Bxd8 27. Kf1 Ke7 28. Ke2 g6 29. Kd3 f5 30. f3 Kd6 31. Kc4 Kc7 32. Bc5 Bg5 33. Kd3 Bf6 1/2-1/2

[Event "Oslo op"]
[Site "Oslo"]
[Date "2018.10.05"]
[Round "8"]
[White "Vijayalakshmi, Subbaraman"]
[Black "Smeby, Ole"]
[Result "1-0"]
[WhiteElo "2359"]
[BlackElo "1998"]
[PlyCount "57"]
[EventDate "2018.09.30"]
[EventType "swiss"]
[EventRounds "10"]
[EventCountry "NOR"]
[SourceTitle "EXT 2020"]
[Source "ChessBase"]
[SourceDate "2019.10.17"]
[SourceVersion "1"]
[SourceVersionDate "2019.10.17"]
[SourceQuality "1"]

1. Nf3 Nf6 2. g3 g6 3. Bg2 Bg7 4. d4 0-0 5. b3 c5 6. 0-0 Nc6 7. Bb2 cxd4 8. Nxd4 Nxd4 9. Bxd4 Qc7 10. c4 d6 11. Nc3 Bd7 12. Bxf6 exf6 13. Nd5 Qb8 14. Qd2 Re8 15. Rad1 Bc6 16. e3 Qd8 17. Nf4 Bxg2 18. Kxg2 f5 19. Qxd6 Qa5 20. Qd2 Bc3 21. Qc2 Bg7 22. Rd5 Qc7 23. Rfd1 Qc6 24. Kg1 Rab8 25. Rd6 Qf3 26. Rd7 a6 27. c5 g5 28. Qxf5 f6 29. Rxg7+ 1-0

[Event "Oslo op"]
[Site "Oslo"]
[Date "2018.10.02"]
[Round "4"]
[White "Smeby, Ole"]
[Black "Nordquelle, Daniel"]
[Result "0-1"]
[WhiteElo "1998"]
[BlackElo "2199"]
[PlyCount "180"]
[EventDate "2018.09.30"]
[EventType "swiss"]
[EventRounds "10"]
[EventCountry "NOR"]
[SourceTitle "EXT 2020"]
[Source "ChessBase"]
[SourceDate "2019.10.17"]
[SourceVersion "1"]
[SourceVersionDate "2019.10.17"]
[SourceQuality "1"]

1. d4 d5 2. c4 e6 3. Nf3 Nf6 4. e3 a6 5. Bd3 dxc4 6. Bxc4 b5 7. Be2 Bb7 8. 0-0 Nbd7 9. a4 c6 10. Nbd2 Bd6 11. b3 Qe7 12. Bb2 0-0 13. Ne5 Rfd8 14. Bf3 Nd5 15. Nxd7 Qxd7 16. Ne4 Bb4 17. Qc2 Qe7 18. Rac1 f6 19. Nc5 Bc8 20. Rfd1 Ra7 21. g3 Rc7 22. Kg2 Nb6 23. Nd3 Bd6 24. Nc5 Nd7 25. Ne4 Bb4 26. axb5 axb5 27. Ra1 f5 28. Nc3 Nf6 29. Qe2 g5 30. Kg1 Nd5 31. Nxd5 exd5 32. Qd3 Bd6 33. Ra8 Be6 34. Rda1 Qf8 35. Rxd8 Qxd8 36. Bc3 Qb8 37. Qb1 Ra7 38. Rxa7 Qxa7 39. Qa1 Qxa1+ 40. Bxa1 Bb4 41. Be2 Bd2 42. Kg2 b4 43. Bd3 f4 44. Kf3 fxe3 45. fxe3 h5 46. Bc2 Kf7 47. Bb2 Bg4+ 48. Kf2 Ke6 49. e4 dxe4 50. Bxe4 Kd6 51. Bf3 Be6 52. Ke2 g4 53. Be4 Bg5 54. Bg6 Bxb3 55. Bxh5 Be6 56. Bg6 Kd5 57. Kd3 Bh6 58. Be4+ Kd6 59. Bg6 Ba2 60. Bh5 Be6 61. Bg6 Bg5 62. Kc2 Be3 63. Kd3 Bg5 64. Be4 Kc7 65. Ke2 Kb6 66. Bd3 Ka5 67. Be4 Kb5 68. Kd3 Ba2 69. Kc2 Bc4 70. Bc1 Bxc1 71. Kxc1 Be6 72. Bd3+ Kb6 73. Kd2 Kc7 74. Bb1 Kd6 75. Ke3 Bc8 76. Be4 Be6 77. Bb1 Kd5 78. Ba2+ Kd6 79. Bb1 c5 80. dxc5+ Kxc5 81. Kd2 Kc4 82. Ba2+ b3 83. Bb1 Kb4 84. Be4 Ka3 85. Ke3 Ka2 86. h4 gxh3 87. Kf3 b2 88. g4 Bxg4+ 89. Kxg4 h2 90. Kg3 h1Q 0-1

[Event "EU-ch Seniors 65 18th"]
[Site "Drammen"]
[Date "2018.08.09"]
[Round "6"]
[White "Goncharov, Viktor1111"]
[Black "Smeby, Ole"]
[Result "0-1"]
[WhiteElo "2041"]
[BlackElo "1980"]
[PlyCount "124"]
[EventDate "2018.08.04"]
[EventType "swiss"]
[EventRounds "9"]
[EventCountry "NOR"]
[SourceTitle "CBM 186 Extra"]
[Source "ChessBase"]
[SourceDate "2018.08.24"]
[SourceVersion "1"]
[SourceVersionDate "2018.08.24"]
[SourceQuality "1"]

1. d4 Nf6 2. c4 c5 3. Nf3 cxd4 4. Nxd4 e5 5. Nc2 d5 6. cxd5 Qxd5 7. Qxd5 Nxd5 8. g3 Nc6 9. Bg2 Ndb4 10. Bxc6+ Nxc6 11. Nc3 Bh3 12. f3 0-0-0 13. Be3 Be7 14. Rc1 Kb8 15. a3 Nd4 16. Nxd4 exd4 17. Bf4+ Bd6 18. Bxd6+ Rxd6 19. Ne4 Rd7 20. g4 h5 21. gxh5 Rxh5 22. Rg1 Rd8 23. Rxg7 Be6 24. Ng5 d3 25. exd3 Rxh2 26. Nxe6 fxe6 27. b4 Rh1+ 28. Kd2 Rxc1 29. Kxc1 Rxd3 30. Rf7 Rxa3 31. Kb2 Re3 32. f4 a6 33. f5 exf5 34. Rxf5 Kc7 35. Rf6 Rd3 36. Rh6 Rd6 37. Rh5 Kc6 38. Rc5+ Kd7 39. Rh5 b6 40. Kc3 Kc6 41. Kc4 Rg6 42. Rh3 Rg4+ 43. Kb3 Rd4 44. Rc3+ Kb5 45. Ka3 Rxb4 46. Rc8 Rh4 47. Rg8 Rh3+ 48. Kb2 Ka5 49. Ka2 b5 50. Rg4 b4 51. Rf4 Ka4 52. Rf1 Rh2+ 53. Kb1 a5 54. Ka1 Ka3 55. Rg1 a4 56. Rg3+ b3 57. Rg1 Rc2 58. Kb1 Kb4 59. Rg8 Rc5 60. Rg4+ Rc4 61. Rg8 a3 62. Rh8 a2+ 0-1

[Event "EU-ch Seniors 65 18th"]
[Site "Drammen"]
[Date "2018.08.08"]
[Round "5"]
[White "Smeby, Ole"]
[Black "Milashevskaja, Valentina"]
[Result "1-0"]
[WhiteElo "1980"]
[BlackElo "1748"]
[PlyCount "49"]
[EventDate "2018.08.04"]
[EventType "swiss"]
[EventRounds "9"]
[EventCountry "NOR"]
[SourceTitle "CBM 186 Extra"]
[Source "ChessBase"]
[SourceDate "2018.08.24"]
[SourceVersion "1"]
[SourceVersionDate "2018.08.24"]
[SourceQuality "1"]

1. d4 Nf6 2. c4 e6 3. Nf3 c5 4. d5 d6 5. Nc3 Be7 6. Nd2 e5 7. e4 0-0 8. Be2 a6 9. a4 Nbd7 10. 0-0 Re8 11. Re1 g6 12. Nf1 Bf8 13. Be3 Bg7 14. Qd2 a5 15. Bg5 Qb6 16. Ng3 Nb8 17. h4 Na6 18. h5 Bg4 19. Bxf6 Bxe2 20. Bxg7 Kxg7 21. Rxe2 Qd8 22. Nb5 Nc7 23. Nxc7 Qxc7 24. Qg5 h6 25. Nf5+ 1-0

[Event "Oslo op"]
[Site "Fornebu"]
[Date "2017.09.30"]
[Round "3"]
[White "Smeby, Ole"]
[Black "Schouten, Mathias Lind"]
[Result "1-0"]
[WhiteElo "1985"]
[BlackElo "1718"]
[PlyCount "77"]
[EventDate "2017.09.29"]
[EventType "swiss"]
[EventRounds "10"]
[EventCountry "NOR"]
[SourceTitle "CBM 181 Extra"]
[Source "ChessBase"]
[SourceDate "2017.12.12"]
[SourceVersion "1"]
[SourceVersionDate "2017.12.12"]
[SourceQuality "1"]

1. d4 Nf6 2. c4 c5 3. d5 b5 4. cxb5 a6 5. bxa6 Bxa6 6. Nc3 d6 7. Nf3 g6 8. g3 Bg7 9. e4 Bxf1 10. Kxf1 Nbd7 11. Kg2 0-0 12. Re1 Qc7 13. h3 Rfd8 14. Re2 c4 15. Be3 Nc5 16. Bd4 Nd3 17. Rb1 Nd7 18. Bxg7 Kxg7 19. Nd4 Qa5 20. Nc6 Re8 21. b4 Qb6 22. a4 N7e5 23. a5 Qc7 24. Qa4 Nxc6 25. dxc6 Ne5 26. Nd5 Qxc6 27. Qxc6 Nxc6 28. Nc7 Reb8 29. Nxa8 Rxa8 30. Rc2 Rb8 31. a6 Nd4 32. Rxc4 Nb5 33. Ra1 Kf6 34. Ra5 Na7 35. Rc7 Nc8 36. b5 Ke6 37. Rxc8 Rxc8 38. a7 Kd7 39. a8Q 1-0

[Event "Oslo Nordstrand op"]
[Site "Oslo"]
[Date "2017.04.23"]
[Round "4"]
[White "Smeby, Ole"]
[Black "Al Tarbosh, Ward"]
[Result "0-1"]
[WhiteElo "1936"]
[BlackElo "2219"]
[PlyCount "64"]
[EventDate "2017.04.21"]
[EventType "swiss"]
[EventRounds "5"]
[EventCountry "NOR"]
[SourceTitle "CBM 178 Extra"]
[Source "ChessBase"]
[SourceDate "2017.06.22"]
[SourceVersion "1"]
[SourceVersionDate "2017.06.22"]
[SourceQuality "1"]

1. d4 d5 2. Nf3 Nf6 3. c4 c6 4. e3 e6 5. Bd3 dxc4 6. Bxc4 Nbd7 7. 0-0 Bd6 8. Nc3 b5 9. Bd3 0-0 10. e4 e5 11. Bg5 exd4 12. Nxd4 Qc7 13. Rc1 Bxh2+ 14. Kh1 Bf4 15. Ncxb5 Qe5 16. Nf3 Qb8 17. Bxf4 Qxf4 18. Nbd4 c5 19. Nf5 Ne5 20. Ne7+ Kh8 21. Nxe5 Qxe5 22. Nxc8 Raxc8 23. Qe2 Qg5 24. Qf3 Ng4 25. Qg3 Rc6 26. Kg1 Rg6 27. Rfe1 Qd8 28. e5 Rg5 29. f4 Qd4+ 30. Kf1 Rh5 31. Ke2 f5 32. Rc2 Rd8 0-1

[Event "Oslo op"]
[Site "Fornebu"]
[Date "2016.09.30"]
[Round "7"]
[White "Warstad, Leif Edvin"]
[Black "Smeby, Ole"]
[Result "0-1"]
[WhiteElo "1630"]
[BlackElo "1888"]
[PlyCount "84"]
[EventDate "2016.09.30"]
[EventType "swiss"]
[EventRounds "9"]
[EventCountry "NOR"]
[SourceTitle "EXT 2018"]
[Source "ChessBase"]
[SourceDate "2017.10.13"]
[SourceVersion "1"]
[SourceVersionDate "2017.10.13"]
[SourceQuality "1"]

1. d4 Nf6 2. Nf3 g6 3. g3 Bg7 4. Bg2 0-0 5. 0-0 d5 6. Nbd2 b6 7. Re1 Bb7 8. b3 c5 9. Bb2 Ne4 10. Rb1 e6 11. Nxe4 dxe4 12. Nd2 Bxd4 13. Nxe4 Nc6 14. e3 Bxb2 15. Rxb2 Qxd1 16. Rxd1 Rad8 17. Rbb1 Kg7 18. a3 Ne7 19. c4 h6 20. h4 Bc6 21. Kh2 f5 22. Nc3 g5 23. hxg5 hxg5 24. Bxc6 Nxc6 25. Kg2 Na5 26. e4 Rxd1 27. Rxd1 Nxb3 28. exf5 exf5 29. Rd6 Na5 30. Nb5 Nxc4 31. Rd7+ Rf7 32. Rxa7 Rxa7 33. Nxa7 Nxa3 34. Kf3 Kf6 35. Ke3 Ke6 36. f4 gxf4+ 37. gxf4 Kd7 38. Kd3 Kc7 39. Kc3 Kb7 40. Kb3 Kxa7 41. Kxa3 b5 42. Kb3 Kb6 0-1

[Event "Helsingor Xtracon op"]
[Site "Helsingor"]
[Date "2016.07.28"]
[Round "7"]
[White "Skou, Niels"]
[Black "Smeby, Ole"]
[Result "1-0"]
[WhiteElo "2011"]
[BlackElo "1847"]
[PlyCount "143"]
[EventDate "2016.07.23"]
[EventType "swiss"]
[EventRounds "10"]
[EventCountry "DEN"]
[SourceTitle "CBM 173 Extra"]
[Source "ChessBase"]
[SourceDate "2016.08.29"]
[SourceVersion "1"]
[SourceVersionDate "2016.08.29"]
[SourceQuality "1"]

1. c4 c5 2. Nc3 g6 3. g3 Bg7 4. Bg2 Nc6 5. Nf3 d6 6. 0-0 Be6 7. d3 Nf6 8. e4 0-0 9. h3 Rb8 10. Be3 Bd7 11. Qd2 Re8 12. Bh6 Bh8 13. Ng5 Nd4 14. f4 Ne6 15. Nf3 Bg7 16. f5 Nf8 17. Nh4 Nh5 18. Bxg7 Kxg7 19. Rf3 h6 20. fxg6 fxg6 21. Nd5 Nh7 22. Kh2 e6 23. Qc3+ e5 24. Raf1 Rf8 25. Rxf8 Nxf8 26. Bf3 Nf6 27. Nxf6 Qxf6 28. Qa5 Qd8 29. Qxa7 Bc6 30. Qa3 Ne6 31. Qc3 Nd4 32. Bg4 Qg5 33. Qc1 Qxc1 34. Rxc1 h5 35. Bd1 b5 36. cxb5 Rxb5 37. b3 Rb7 38. Nf3 Ne6 39. Kg2 Kf6 40. Kf2 Ra7 41. Rc2 Bb5 42. Ke3 Ra3 43. Nd2 Nd4 44. Rb2 Ke6 45. Nb1 Ra8 46. b4 cxb4 47. Rxb4 Rxa2 48. Rxb5 Rg2 49. Rb8 Rxg3+ 50. Kd2 Rxh3 51. Rg8 Kf7 52. Rd8 Ke7 53. Rh8 h4 54. Nc3 Rh2+ 55. Ke1 Ne6 56. Nd5+ Kf7 57. Rh7+ Kf8 58. Rd7 Rh1+ 59. Kd2 Rh2+ 60. Kc3 Nf4 61. Rxd6 g5 62. Nxf4 exf4 63. Kd4 Rg2 64. Ke5 Kg7 65. Kf5 h3 66. Rd7+ Kh6 67. Bb3 Rb2 68. Bg8 Rb5+ 69. e5 Rxe5+ 70. Kxe5 Kh5 71. Rh7+ Kg4 72. Be6+ 1-0